Cantar de ciegos /
שמור ב:
| מחבר ראשי: | |
|---|---|
| פורמט: | לא ידוע |
| שפה: | Spanish |
| יצא לאור: |
México :
Joaquín Mortiz,
1973.
|
| מהדורה: | 7. edición |
| סדרה: | (Serie del volador)
|
| נושאים: | |
| תגים: |
הוספת תג
אין תגיות, היה/י הראשונ/ה לתייג את הרשומה!
|
MARC
| LEADER | 000000000a22000000004500 | ||
|---|---|---|---|
| 001 | 007545 | ||
| 041 | 0 | |a spa | |
| 082 | 0 | 4 | |a M863.4 |b F954c7 |
| 100 | 1 | |a Fuentes Macías, Carlos, |d 1928-2012 | |
| 245 | 1 | 0 | |a Cantar de ciegos / |c Carlos Fuentes Macías. |
| 250 | |a 7. edición | ||
| 260 | 1 | |a México : |b Joaquín Mortiz, |c 1973. | |
| 300 | |a 209 páginas | ||
| 490 | 1 | |a (Serie del volador) | |
| 505 | |a Contenido: Las dos Elenas -- La muñeca reina -- Frotuna lo que ha querido -- Vieja moralidad -- El costo de la vida -- Un alma pura -- A la víbora de la mar | ||
| 650 | 4 | |a LITERATURA MEXICANA | |
| 650 | 4 | |a CUENTOS | |
| 999 | |c 13541 |d 13541 | ||
| 942 | |c BK |h M863.4 F954c7 |2 z | ||
